000 00593nam a2200193Ia 4500
008 151119s9999||||xx |||||||||||||| ||und||
082 _a954.1
082 _bGKKV1176
100 _aधूमकेतू
245 _aभारतसम्राट समुद्रगुप्त
260 _a--
260 _b--
260 _c0
600 _aधूमकेतू
630 _aभारतसम्राट समुद्रगुप्त
700 _aधूमकेतू
730 _aभारतसम्राट समुद्रगुप्त
942 _cBOOK
999 _c1057673
_d1057670